Państwa najbliższe Polski, z wyjątkami - Statystyki

Ogólne statystyki
  • Ten quiz został rozwiązany 10 010 razy
    10 006 od ostatniego zresetowania
  • Średni wynik to 13 z 15
Statystyki odpowiedzi
Kilometry Państwo % Poprawnych
877 Turcja
95%
1 952 Egipt
93%
2 037 Izrael
88%
1 456 Gruzja
87%
2 058 Irak
85%
1 598 Algieria
83%
1 833 Armenia
83%
1 897 Iran
83%
1 730 Kazachstan
83%
1 529 Tunezja
83%
1 929 Azerbejdżan
82%
1 812 Libia
79%
1 753 Syria
79%
1 744 Cypr
77%
1 926 Liban
72%
Nie znaleziono quizów pasujących do podanych kryteriów
Rozkład punktacji
Procent ludzi z każdym wynikiem
Percentyl według liczby udzielonych odpowiedzi
Twoja historia wyników
Nie rozwiązałeś tego quizu od ostatniego zresetowania